The beautification of home grounds /
Saved in:
| Main Author: | |
|---|---|
| Format: | Book |
| Language: | English |
| Published: |
Austin, Tex. :
University of Texas,
1916.
|
| Series: | Bulletin of the University of Texas ;
no. 17. |
| Subjects: | |
| Tags: |
Add Tag
No Tags, Be the first to tag this record!
|
| LEADER | 00616nam a2200193Ia 4500 | ||
|---|---|---|---|
| 001 | 000000157-0 | ||
| 005 | 20020606090541.3 | ||
| 008 | 850429s1916 txuae s000 0 eng d | ||
| 035 | 0 | |a ocm11976956 | |
| 040 | |a TXG |c TXG |d FLL | ||
| 100 | 1 | |a Ellis, Mary Heard. | |
| 245 | 1 | 4 | |a The beautification of home grounds / |c by Mary Heard Ellis. |
| 260 | |a Austin, Tex. : |b University of Texas, |c 1916. | ||
| 300 | |a 29 p. : |b ill., 1 plan ; |c 23 cm. | ||
| 490 | 1 | |a Bulletin of the University of Texas ; |v no. 17 | |
| 650 | 0 | |a Landscape gardening. | |
| 830 | 0 | |a Bulletin of the University of Texas ; |v no. 17. | |
| 988 | |a 20020608 | ||
| 906 | |0 OCLC | ||


